Diccionario histórico de los más ilustres profesores de las Bellas Artes en España / (Record n. 22738)

Dettagli MARC
000 -LEADER
fixed length control field 00803ntm a2200205 i 4500
003 - CONTROL NUMBER IDENTIFIER
control field IT-RoINE
005 - DATE AND TIME OF LATEST TRANSACTION
control field 20201020062315.0
008 - FIXED-LENGTH DATA ELEMENTS--GENERAL INFORMATION
fixed length control field 110406r19651800sp |r/ 1|| spa|d
040 ## - CATALOGING SOURCE
Original cataloging agency SpMaBN
Transcribing agency SpMaBN IT-RoINE
Modifying agency IT-RoINE
100 1# - MAIN ENTRY--PERSONAL NAME
Personal name Ceán Bermúdez, Juan Agustín,
Dates associated with a name 1749-1829
9 (RLIN) 22495
245 10 - TITLE STATEMENT
Title Diccionario histórico de los más ilustres profesores de las Bellas Artes en España /
Statement of responsibility, etc Cean Bermudez.
260 ## - PUBLICATION, DISTRIBUTION, ETC. (IMPRINT)
Place of publication, distribution, etc Madrid:
Name of publisher, distributor, etc Reales Academias de Bellas Artes de San Fernando y de la Historia,
Date of publication, distribution, etc 1965.
300 ## - PHYSICAL DESCRIPTION
Extent 6 v. ;
Dimensions 19 cm.
336 ## - CONTENT TYPE
Source rdacontent
Content type term text
337 ## - MEDIA TYPE
Source rdamedia
Media type term unmediated
338 ## - CARRIER TYPE
Source rdacarrier
Carrier type term volume
534 ## - ORIGINAL VERSION NOTE
Main entry of original Reprod. facs. de la ed.: Madrid: Imprenta de la Viuda de Ibarra, 1800.
650 #4 - SUBJECT ADDED ENTRY--TOPICAL TERM
9 (RLIN) 40380
Topical term or geographic name as entry element Profesores de arte
Geographic subdivision España
General subdivision Biografías
942 ## - ADDED ENTRY ELEMENTS (KOHA)
Item type Monografías
Dati di copia
Withdrawn status Lost status Damaged status Not for loan Home library Current library Date acquired Total Checkouts Full call number Barcode Date last seen Price effective from Koha item type Public note
        Iglesia Nacional Española en Roma Iglesia Nacional Española en Roma 20/02/2018   BIO 2432.1 47766 20/02/2018 20/02/2018 Monografías V. 1
        Iglesia Nacional Española en Roma Iglesia Nacional Española en Roma 20/02/2018   BIO 2432.2 47767 20/02/2018 20/02/2018 Monografías V. 2
        Iglesia Nacional Española en Roma Iglesia Nacional Española en Roma 20/02/2018   BIO 2432.3 47768 20/02/2018 20/02/2018 Monografías V. 3
        Iglesia Nacional Española en Roma Iglesia Nacional Española en Roma 20/02/2018   BIO 2432.4 47769 20/02/2018 20/02/2018 Monografías V. 4
        Iglesia Nacional Española en Roma Iglesia Nacional Española en Roma 20/02/2018   BIO 2432.5 47770 20/02/2018 20/02/2018 Monografías V. 5
        Iglesia Nacional Española en Roma Iglesia Nacional Española en Roma 20/02/2018   BIO 2432.6 47771 20/02/2018 20/02/2018 Monografías V. 6